书目信息 |
| 题名: |
中国印刷术的发明及其影响
|
|
| 作者: | 张秀民 著 | |
| 分册: | ||
| 出版信息: | 北京 人民出版社 1958 |
|
| 页数: | 208页 | |
| 开本: | 20cm | |
| 丛书名: | ||
| 单 册: | ||
| 中图分类: | TS8 | |
| 科图分类: | ||
| 主题词: | 印刷工业 , 印刷 | |
| 电子资源: | ||
| ISBN: | ||
| 000 | 00617nam0 2200229 45 | |
| 001 | 0178001267 | |
| 005 | 20060928081318.12 | |
| 010 | @dCNY0.98 | |
| 091 | @a11001.152 | |
| 100 | @a19950802e19781958em y0chiy0121 ea | |
| 101 | 0 | @achi |
| 102 | @aCN@b110000 | |
| 105 | @af z 000yy | |
| 200 | 10 | @a中国印刷术的发明及其影响@Azhong guo yin shua shu de fa ming ji qi ying xiang@f张秀民著 |
| 210 | @a北京@c人民出版社@d1958@h1978重印 | |
| 215 | @a208页@c图@d20cm | |
| 606 | 0 | @a印刷工业 |
| 606 | 0 | @a印刷 |
| 690 | @aTS8 | |
| 701 | 0 | @a张秀民@Azhang xiu min@4著 |
| 801 | 0 | @aCN@bNLC@c20060928 |
| 905 | @f1@b4998@dTS8@e1 | |
| 中国印刷术的发明及其影响/张秀民著.-北京:人民出版社,1958(1978重印) |
| 208页:图;20cm |
| ISBN :CNY0.98 |
| ● |
| 相关链接 |
|
|
|
|
正题名:中国印刷术的发明及其影响
索取号:TS8/1
 
预约/预借
| 序号 | 登录号 | 条形码 | 馆藏地/架位号 | 状态 | 备注 |
| 1 | 0004998 | 001478467 | 第二样本阅览室/ [索取号:TS8/1] | 在馆 | |
| 2 | 0422543 | 204225436 | 密集书库/ [索取号:TS8/1] | 在馆 | |
| 3 | 0438629 | 204386299 | 密集书库/ [索取号:TS8/1] | 在馆 | |
| 4 | 0439147 | 204391470 | 密集书库/ [索取号:TS8/1] | 在馆 | |
| 5 | 0439148 | 204391489 | 密集书库/ [索取号:TS8/1] | 在馆 |